000 00621nam a2200229Ia 4500
003 OSt
005 20221007063346.0
006 a|||||r|||| 00| 0
007 ta
008 221006b |||||||| |||| 00| 0 eng d
024 _a15,560
037 _cTextual
040 _aFLL
_cFLL
_beng
041 _2eng
_aeng
082 _aX:981.Z, L1
100 _aParekh H.T. Au.
_9684090
245 0 _aManagement of industry in india
260 _aBombay
_bVora and co. publishing private ltd. India
_c1971
300 _a74p
_ccm.
942 _hX:981.Z, L1
_cTEXL
_2CC
999 _c1131057
_d1131057